000 00436nam a2200133Ia 4500
008 100328s9999 xx 000 0 und d
082 _b53493
100 _aपठाण यू.म.
245 _aनागेश संप्रदाय
260 _bबहि:शाल शिक्षण मंड़ळ
630 _aनागेश संप्रदाय
730 _aनागेश संप्रदाय
942 _cBOOK
999 _c540239
_d540236